| 000 | 00559nam a2200181 4500 | ||
|---|---|---|---|
| 001 | 110258 | ||
| 003 | ES-MaACL | ||
| 005 | 20230906185018.0 | ||
| 007 | t| | ||
| 008 | 061121s1948 sp r ||||1| spa d | ||
| 100 | 1 |
_aOctavio de Toledo y Zulueta, Luis, _d1857-1934 _986510 |
|
| 245 | 1 | 0 |
_aTratado de trigonometría rectilínea y esférica / _cLuis Octavio de Toledo. |
| 250 | _a13ª. ed. | ||
| 260 |
_aMadrid : _bVictoriano Suárez, _c1948. |
||
| 300 |
_a288 p. : _bil. ; _c22 cm. |
||
| 852 |
_aES-MaACL _jD-7805 _bR.28480 |
||
| 999 |
_c110258 _d110258 |
||